000
00219nam a2200097Ia 4500
082
_a
ST 822.33 MACB
245
0
_a
Macbeth
100
_a
GARDYNE, Hazel
942
_c
BK
008
210825s9999 xx 000 0 und d
999
_c
542183
_d
542182